Aké sú vyhliadky pôvodnej slovenskej tvorby Európsky a slovenský román očami literárnych kritikov

Bibliographic Details
Main Authors: Andruška, Peter, 1943-2024 (Author), Gallo, Igor, 1936-2019 (Author)
Format: Article
Language:Slovak
Subjects:

MARC

LEADER 00000nab a2200000 a 4500
001 vtls000417133
003 SK-MaSNL
005 20260304020727.0
008 120925c1991 xo 0 slo
015 |a SNBRB19rr/mm-uuuuu 
035 |a CL0417258 
040 |a SNKBUCL  |b slo  |c SNKBUCL  |e AACR2 
041 0 |a slo 
044 |a xo  |c SK 
080 |a 82:061.2  |2 1981 
080 |a 061.2  |2 1981 
080 |a 885.4  |2 1981 
080 |a 820/899 (4)  |2 1981 
100 1 |a Andruška, Peter,  |d 1943-2024  |4 aut  |9 92598 
245 1 0 |a Aké sú vyhliadky pôvodnej slovenskej tvorby  |b Európsky a slovenský román očami literárnych kritikov  |c Peter Andruška, Igor Gallo 
650 0 7 |a román slovenský  |2 snkbucl  |9 924210 
650 0 7 |a román európsky  |2 snkbucl  |9 581345 
655 7 |a články z novín a časopisov  |2 snkbucl  |9 267496 
655 7 |a články z odboru literárna veda a krásna literatúra  |2 snkbucl  |9 770045 
700 1 |a Gallo, Igor,  |d 1936-2019  |4 aut  |9 85732 
773 0 |t Čas  |g Roč. 6, č. 110 (13. 5. 1991), s. 3 
850 |a Slovenská národná knižnica v Martine  |a MTA001 
852 |a SNK  |b KIS3GCP 
958 |a RK 
958 |a LX 
992 |a RBX 
999 |c 2600728  |d 2602658